Statistiken für Die teuersten Fußballtransfers - Saison 2015-2016

Klicken Sie hier um das Quiz zu spielen!

Allgemein

  • Dieses Quiz wurde 40 mal gespielt
  • Das Durchschnittsergebnis liegt bei 7 aus 11

Antwortstatistiken

Ablöse (M €)NationalitätAbgebender VereinAufnehmender VereinSpieler% Korrekt
76,00BelgienVfL WolfsburgManchester CityKevin De Bruyne
100%
41,00BrasilienTSH HoffenheimFC LiverpoolRoberto Firmino
92%
43,00DeutschlandFC Schalke 04VfL WolfsburgJulian Draxler
89%
63,00ArgentinienManchester UnitedParis SGÁngel Di María
84%
63,70EnglanFC LiverpoolManchester CityRaheem Sterling
84%
60,00FrankreichAS MonacoManchester UnitedAnthony Martial
78%
41,00ArgentinienUS PalermoJuventus TurinPaulo Dybala
73%
46,50BelgienAston VillaFC LiverpoolChristian Benteke
46%
44,50ArgentinienFC ValenciaManchester CityNicolás Otamendi
35%
42,00KolumbienAtlético MadridGZ EvergrandeJackson Martínez
27%
50,00BrasilienShakhtar D.JS SuningAlex Teixeira
8%

Verteilung der Resultate

Perzentil nach korrekt beantworteten Fragen

Anzahl Personen mit jedem Resultat

Ihre Resultats-Entwicklung

Sie haben dieses Quiz noch nicht gespielt